Statistics for British Reality TV Shows

Click here to take the quiz!

General Stats

  • This quiz has been taken 1,241 times
    (181 since last reset)
  • The average score is 12 of 15

Answer Stats

ClueAnswer% Correct
Couple up in Casa AmorLove Island
93%
Keeeeep Dancing!Strictly Come Dancing
93%
The Greatest Show On IceDancing On Ice
92%
Who’s that behind the mask?The Masked Singer
92%
Vote for your favourites to eat turkey testicles or a kangaroo’s anusI'm A Celebrity Get Me Out Of Here!
91%
You’re FiredThe Apprentice
90%
Will the coaches spin round?The Voice UK
84%
Compete for a place on the Royal Variety ShowBritain's Got Talent
83%
If you don’t think the GC is “reem”, it’s ‘cos you’re “well jel”The Only Way Is Essex
76%
Newcastle’s “proper mint” reality showGeordie Shore
70%
I’m OutDragon’s Den
64%
An Orwellian HouseBig Brother
62%
Created in a gentrified part of West LondonMade in Chelsea
60%
“Dear Lord, what a sad little life, Jane”Come Dine With Me
59%
Your Saturday night starts right here!The X Factor
58%

Score Distribution

Percentile by Number Answered

Percent of People with Each Score

Your Score History

You have not taken this quiz since the last reset